000 00603nam a2200205 i 4500
001 133796
003 ES-MaACL
007 t|
008 070829s1955 sp ||||1| spa d
100 1 _aWorley, Dorothy.
_9117372
245 1 3 _aEl triunfo del Doctor Brent
_b: novela /
_cDorothy Worley ; [traducción del inglés por Manuel Torrente].
250 _a[1ª ed.].
260 _aBarcelona :
_bPlaneta,
_c[1955]
300 _a267 p. ;
_c19 cm.
490 1 _aGoliat
700 1 _aTorrente, Manuel.
_9110848
830 0 _aGoliat
_9181396
852 _aES-MaACL
_jC-9715
_bR.37854
999 _c133796
_d133796